| 000 | 01625nam a2200301 a 4500 | ||
|---|---|---|---|
| 001 | BRCA_2381 | ||
| 005 | 20190320203801.0 | ||
| 008 | 071108s1897----sp-#---###---#000-0#spa-u | ||
| 041 | _aspa | ||
| 044 | _asp | ||
| 084 |
_a022 _b.M67 _c1897 F1615 |
||
| 100 | 1 |
_aCervantes Saavedra, Miguel de _d1547-1616 _9213 |
|
| 245 | 1 | 0 |
_aSegunda parte del Ingenioso Cavallero Don Quixote de la Mancha _bdirigida a don Pedro Fernández de Castro, Conde de Lemos _cpor Miguel de Cervantes Saavedra, autor de su primera parte. |
| 260 |
_aBarcelona _bMonater y Simón _c1897 |
||
| 300 |
_a1 v. (sin paginación) _c23 cm. |
||
| 500 | _aContenido : Escudo con el mote Post tenebras spero lucem. Tasa. Fe de erratas. Aprobación del Dr. Gutierre de Cetina. Aprobación de M. Joseph de Valdivieso. Aprobación del Lic. Márquez Torres. Privilegio. Prólogo del autor. Dedicatoria del autor al Conde de Lemos. Texto | ||
| 500 | _aFacsímil de : Segunda parte del ingenioso cavallero Don Quixote de la Mancha. Madrid: Juan de la Cuesta, 1615 | ||
| 500 | _aSegundo facsímile de la segunda parte de la edición príncipe, publicado por Montaner y Simón, en Barcelona, el año de 1897. Ejemplar igual al LO-021 Lúdovic Osterk | ||
| 500 | _aCon ex-libirs de : Magín Verdaguer | ||
| 500 | _aQM222 | ||
| 650 | 1 | 4 |
_aNovela española _yÉpoca clásica, 1500-1700 _9215 |
| 650 | 1 | 4 |
_aLiteratura española _yÉpoca clásica, 1500-1700 _9216 |
| 650 | 1 | 4 |
_aNovela española _ySiglo XVII _9217 |
| 650 | 1 | 4 |
_aDon Quijote (Personaje ficticio) _eNovela _9218 |
| 740 | 0 | _aEl Ingenioso Hidalgo Don Quijote de la Mancha | |
| 902 | _aQFM | ||
| 942 |
_2lcc _cB |
||
| 999 |
_c2122 _d2122 |
||